[Event "I C.to Italiano U21"]
[Site "Rimini ITA"]
[Date "1993.09.??"]
[Round "1"]
[White "Agostani, Andrea"]
[Black "Sardo, Andrea"]
[WhiteElo "2053"]
[BlackElo "1758"]
[Result "1-0"]
[PlyCount "89"]
[EventDate "1993.09.07"]

1. d4 d5 2. c4 e6 3. Nc3 c5 4. Nf3 Nf6 5. cxd5 Nxd5 6. e4 Nxc3 7. bxc3 cxd4 8.
cxd4 Bb4+ 9. Bd2 Bxd2+ 10. Qxd2 O-O 11. Bc4 Nc6 12. O-O b6 13. Rfd1 Bb7 14.
Rac1 Ne7 15. Qe2 Rc8 16. Rc2 Qd6 17. Rdc1 Rc7 18. Bd3 Rxc2 19. Rxc2 Ng6 20. g3
Rc8 21. h4 Rxc2 22. Qxc2 Qc6 23. Qxc6 Bxc6 24. h5 Ne7 25. Ne5 Ba4 26. f3 Nc6
27. Nxc6 Bxc6 28. Kf2 h6 29. Ke3 Kf8 30. f4 Ke7 31. g4 Bd7 32. f5 Kd6 33. e5+
Ke7 34. Kf4 f6 35. Be4 fxe5+ 36. Kxe5 b5 37. Bf3 a5 38. fxe6 Bxe6 39. d5 Bf7
40. d6+ Kd8 41. Bd5 Be8 42. Be6 g6 43. g5 gxh5 44. gxh6 b4 45. h7 1-0

[Event "I C.to Italiano U21"]
[Site "Rimini ITA"]
[Date "1993.09.??"]
[Round "1"]
[White "Barillaro, Luca"]
[Black "Vincenzi, Marco"]
[WhiteElo "2265"]
[BlackElo "1615"]
[Result "1/2-1/2"]
[PlyCount "68"]
[EventDate "1993.09.07"]

1. g3 e5 2. Bg2 d5 3. b4 Nc6 4. b5 Nd4 5. Bb2 Nxb5 6. Bxe5 Nf6 7. Nf3 Bd6 8.
O-O O-O 9. Bb2 c6 10. d3 Re8 11. Nbd2 Bg4 12. a4 Nc7 13. Re1 Nd7 14. Rb1 Nc5
15. c4 Qd7 16. d4 N5a6 17. c5 Bf8 18. Ne5 Rxe5 19. dxe5 Ne6 20. Nb3 Naxc5 21.
Nxc5 Bxc5 22. Qd3 Bb6 23. e3 Ng5 24. e4 Nh3+ 25. Bxh3 Bxh3 26. Rbd1 Rd8 27.
exd5 cxd5 28. Bd4 Bf5 29. Qe3 Bc2 30. Bxb6 axb6 31. Qxb6 Bxd1 32. Rxd1 d4 33.
Rd3 h6 34. a5 Qd5 1/2-1/2

[Event "I C.to Italiano U21"]
[Site "Rimini ITA"]
[Date "1993.09.??"]
[Round "1"]
[White "Bartolini, Tommaso"]
[Black "Bednarich, Jan"]
[WhiteElo "2095"]
[BlackElo "1812"]
[Result "1/2-1/2"]
[PlyCount "75"]
[EventDate "1993.09.07"]

1. d4 Nf6 2. c4 c5 3. d5 e6 4. Nc3 exd5 5. cxd5 d6 6. e4 g6 7. Bd3 Bg7 8. h3
O-O 9. Nf3 b5 10. Bxb5 Nxe4 11. Nxe4 Qa5+ 12. Nfd2 Qxb5 13. Nxd6 Qa6 14. N2c4
Nd7 15. O-O Ne5 16. Nxe5 Qxd6 17. Nc4 Qa6 18. Ne3 Rb8 19. Qc2 f5 20. Qxc5 f4
21. Nd1 f3 22. g4 Qf6 23. Qc7 Ba6 24. Re1 h5 25. Re6 Qd4 26. Bg5 Qd3 27. Ne3
Rxb2 28. Rd1 Qe2 29. Qg3 Bd3 30. gxh5 Bd4 31. Rxd3 Qe1+ 32. Kh2 Rxf2+ 33. Ng2
Qh1+ 34. Kxh1 Rf1+ 35. Kh2 Bg1+ 36. Kh1 Bd4+ 37. Kh2 Bg1+ 38. Kh1 1/2-1/2

[Event "I C.to Italiano U21"]
[Site "Rimini ITA"]
[Date "1993.09.??"]
[Round "1"]
[White "Becca, Filippo"]
[Black "Stradiotti, Alessandro"]
[WhiteElo "1768"]
[BlackElo "1600"]
[Result "1-0"]
[PlyCount "103"]
[EventDate "1993.09.07"]

1. e4 c5 2. d4 cxd4 3. c3 d3 4. Bxd3 Nc6 5. Nf3 d6 6. Bf4 e6 7. O-O Be7 8. b4
a6 9. Qb3 Nf6 10. Nbd2 O-O 11. Rad1 Qc7 12. Nc4 b5 13. Nxd6 Bxd6 14. Bxd6 Qxd6
15. e5 Qe7 16. exf6 Qxf6 17. c4 bxc4 18. Bxc4 Bb7 19. Rd7 Rab8 20. Rfd1 Rfd8
21. a3 h6 22. Bf1 Rxd7 23. Rxd7 Bc8 24. Rd2 Qe7 25. Qa4 Nd8 26. Ne5 Bb7 27. Qd7
Nc6 28. Qxe7 Nxe7 29. Rd7 Kf8 30. Rc7 Ke8 31. h3 Kd8 32. Rc5 f6 33. Nc4 Rc8 34.
Nd6 Rc7 35. Nxb7+ Rxb7 36. Bxa6 Rc7 37. Rxc7 Kxc7 38. Kf1 Kb6 39. Bc4 Nc6 40.
Ke2 Nd4+ 41. Kd3 e5 42. a4 Nc6 43. a5+ Kc7 44. Kc3 Kd6 45. Bb3 e4 46. Ba4 Ne5
47. a6 Kc7 48. b5 Kb6 49. Kd4 Nd7 50. g3 f5 51. Kd5 Nc5 52. a7 1-0

[Event "I C.to Italiano U21"]
[Site "Rimini ITA"]
[Date "1993.09.??"]
[Round "1"]
[White "Buccoliero, Alessandro"]
[Black "Isonzo, David"]
[WhiteElo "1600"]
[BlackElo "1911"]
[Result "1-0"]
[PlyCount "125"]
[EventDate "1993.09.07"]

1. e4 c5 2. c3 Nf6 3. e5 Nd5 4. d4 cxd4 5. Bc4 Qc7 6. Qe2 Nb6 7. Bd3 Nc6 8. Nf3
d5 9. h3 g6 10. O-O dxc3 11. Nxc3 Bg7 12. Bf4 O-O 13. Bg3 Be6 14. Qe3 a6 15.
Rac1 Nd7 16. Rfd1 Qb6 17. Qe2 d4 18. Na4 Qa5 19. b3 Ndxe5 20. Nxe5 Bxe5 21. Rc5
Qd8 22. Bxe5 Nxe5 23. Qxe5 b6 24. Rc2 b5 25. Nc5 Qd5 26. Qxd5 Bxd5 27. Be4 Rfd8
28. Rxd4 Bxe4 29. Rxd8+ Rxd8 30. Nxe4 Rd4 31. f3 f5 32. Ng5 Rd6 33. f4 h6 34.
Nf3 Kg7 35. Kf2 Kf6 36. Ne5 g5 37. g3 e6 38. Ke3 Rd1 39. Nf3 Rd6 40. Rd2 Rc6
41. Kd3 Rc1 42. h4 g4 43. Nd4 e5 44. fxe5+ Kxe5 45. Ne2 Rf1 46. Rc2 Kd6 47. Kc3
f4 48. gxf4 g3 49. Rd2+ Kc5 50. Nxg3 Rxf4 51. b4+ Rxb4 52. Rd5+ Kxd5 53. Kxb4
Ke5 54. Ka5 Kf4 55. Nf1 Kg4 56. Kxa6 Kxh4 57. Kxb5 Kh3 58. a4 h5 59. a5 Kg2 60.
Ne3+ Kg1 61. a6 h4 62. a7 h3 63. Ng4 1-0

[Event "I C.to Italiano U21"]
[Site "Rimini ITA"]
[Date "1993.09.??"]
[Round "1"]
[White "Farachi, Francesco"]
[Black "Redo, Nicola"]
[Result "0-1"]
[WhiteElo "1777"]
[BlackElo "2210"]
[PlyCount "86"]
[EventDate "1993.09.07"]

1. e4 c5 2. Nf3 d6 3. d4 cxd4 4. Nxd4 Nf6 5. Nc3 g6 6. Be2 Bg7 7. O-O O-O 8.
Be3 Nc6 9. Nb3 a6 10. a4 Be6 11. Nd4 Nxd4 12. Bxd4 Qa5 13. b4 Qxb4 14. Rb1 Qa5
15. Rxb7 Rfe8 16. Qd3 Nd7 17. Rfb1 Bxd4 18. Qxd4 Nc5 19. R7b4 Qc7 20. Nd5 Bxd5
21. exd5 Nd7 22. c3 Nc5 23. h3 h5 24. Qd2 e6 25. dxe6 Rxe6 26. Bc4 Rf6 27. Re1
a5 28. Qg5 Kg7 29. Qd5 Rc8 30. Rbb1 Nxa4 31. Ba6 Nxc3 32. Qd3 Nxb1 33. Bxc8
Qxc8 34. Qxb1 Qc5 35. Qb2 g5 36. Rc1 Qb4 37. Qa1 Qd2 38. Rf1 Kg6 39. Qb1+ Kh6
40. Qb8 Kg7 41. Qb5 Re6 42. Qb1 Qc3 43. Qf5 Re5 0-1

[Event "I C.to Italiano U21"]
[Site "Rimini ITA"]
[Date "1993.09.??"]
[Round "1"]
[White "Giordani, Marco"]
[Black "Marmili, Giulio"]
[WhiteElo "1947"]
[BlackElo "1657"]
[Result "1-0"]
[PlyCount "67"]
[EventDate "1993.09.07"]

1. e4 c5 2. Nf3 d6 3. d4 cxd4 4. Nxd4 Nf6 5. Nc3 e6 6. Be2 Nc6 7. Be3 Be7 8. g4
O-O 9. f4 a6 10. g5 Nd7 11. Qd2 Qc7 12. h4 b5 13. a3 Rb8 14. f5 Nxd4 15. Bxd4
exf5 16. Nd5 Qd8 17. exf5 Bb7 18. Bf3 Re8 19. O-O-O Ne5 20. Be4 Bf8 21. f6 Bxd5
22. Bxd5 gxf6 23. gxf6 Qxf6 24. Rdf1 Qh6 25. Rhg1+ Kh8 26. Rg5 Bg7 27. Rxf7 Rg8
28. Rf2 Rge8 29. Rf7 Rg8 30. Ra7 Rgf8 31. Kb1 Rg8 32. Bxg8 Rxg8 33. Qg2 Qf6 34.
Rgxg7 1-0

[Event "I C.to Italiano U21"]
[Site "Rimini ITA"]
[Date "1993.09.??"]
[Round "1"]
[White "Insabato, Giovanbattista"]
[Black "Schacher, Gerd"]
[WhiteElo "1714"]
[BlackElo "1959"]
[Result "0-1"]
[PlyCount "34"]
[EventDate "1993.09.07"]

1. d4 Nf6 2. c4 c5 3. d5 b5 4. Qc2 Na6 5. cxb5 Nb4 6. Qxc5 Nbxd5 7. Bd2 Bb7 8.
Qd4 Qc7 9. Nc3 e5 10. Nxd5 Nxd5 11. Qa4 Nb6 12. Qb3 Rc8 13. Rc1 Qxc1+ 14. Bxc1
Rxc1+ 15. Kd2 Rxf1 16. Qc3 Bd6 17. Qg3 O-O 0-1

[Event "I C.to Italiano U21"]
[Site "Rimini ITA"]
[Date "1993.09.??"]
[Round "1"]
[White "Marcacci, Giorgio"]
[Black "Gualtieri, Denis"]
[WhiteElo "1900"]
[BlackElo "1600"]
[Result "1-0"]
[PlyCount "54"]
[EventDate "1993.09.07"]

1. e4 e5 2. Bc4 Bc5 3. Nc3 Nf6 4. d3 h6 5. Na4 Bb4+ 6. c3 Ba5 7. b4 Bb6 8. Nxb6
axb6 9. Qf3 O-O 10. Qg3 Kh8 11. Qxe5 Re8 12. Qg3 d5 13. Bb3 dxe4 14. Bxf7 Re7
15. Bg6 exd3+ 16. Kd1 Ne4 17. Bxe4 Rxe4 18. Qg6 Qe8 19. Qxe8+ Rxe8 20. Be3 Be6
21. Kd2 Bc4 22. Nh3 Nd7 23. Nf4 Ne5 24. Bd4 Rad8 25. Bxe5 Rxe5 26. Ng6+ Kh7 27.
Nxe5 Be6 1-0

[Event "I C.to Italiano U21"]
[Site "Rimini ITA"]
[Date "1993.09.??"]
[Round "1"]
[White "Pichler, Michael"]
[Black "Mascellani, Marco"]
[WhiteElo "1633"]
[BlackElo "1947"]
[Result "1-0"]
[PlyCount "51"]
[EventDate "1993.09.07"]

1. e4 c5 2. Nf3 e6 3. d4 cxd4 4. Nxd4 Nf6 5. Bd3 Nc6 6. Be3 d5 7. exd5 Nxd5 8.
Nxc6 bxc6 9. Nd2 Bd6 10. Nc4 Nxe3 11. Nxe3 Qf6 12. Be4 Ke7 13. Qf3 Bb4+ 14. Kf1
Ba6+ 15. c4 Qxb2 16. Rb1 Qc3 17. g3 Rab8 18. Kg2 c5 19. a3 Ba5 20. Bb7 Bxb7 21.
Rxb7+ Rxb7 22. Qxb7+ Kf6 23. Qxa7 Qxa3 24. Ng4+ Kg5 25. h3 Qd3 26. Qe7+ 1-0

[Event "I C.to Italiano U21"]
[Site "Rimini ITA"]
[Date "1993.09.??"]
[Round "1"]
[White "Previati, Marco"]
[Black "Avenali, Giuseppe"]
[WhiteElo "2031"]
[BlackElo "1723"]
[Result "1/2-1/2"]
[PlyCount "95"]
[EventDate "1993.09.07"]

1. e4 c6 2. d4 d5 3. exd5 Nf6 4. dxc6 Nxc6 5. Nf3 Bg4 6. Bb5 e6 7. O-O Bd6 8.
Bg5 O-O 9. Bxc6 bxc6 10. Nbd2 Qc7 11. h3 Bh5 12. Nc4 Ne4 13. Be3 Be7 14. g4 Bg6
15. Nfe5 Ng5 16. Nxg6 hxg6 17. Kg2 Qd7 18. Ne5 Qd5+ 19. f3 Rfd8 20. Qe2 Bf6 21.
c4 Qd6 22. Bxg5 Bxg5 23. f4 Bf6 24. Rad1 Rab8 25. b3 a5 26. g5 Bxe5 27. fxe5
Qa3 28. Rf3 a4 29. Qc2 Rb4 30. Qc1 Qxc1 31. Rxc1 Rxd4 32. Rcf1 Rb7 33. Re3 Rbd7
34. Rf2 Kf8 35. Kf3 Rd2 36. bxa4 Rxf2+ 37. Kxf2 Rd2+ 38. Re2 Rd3 39. Rb2 Rxh3
40. Rb8+ Ke7 41. a5 Rh2+ 42. Ke3 Rxa2 43. Ra8 c5 44. a6 Kd7 45. Ra7+ Ke8 46.
Ra8+ Kd7 47. Rf8 Ke7 48. Ra8 1/2-1/2

[Event "I C.to Italiano U21"]
[Site "Rimini ITA"]
[Date "1993.09.??"]
[Round "1"]
[White "Tencati, Giuseppe"]
[Black "Aldrovandi, Antonio"]
[WhiteElo "1735"]
[BlackElo "2040"]
[Result "0-1"]
[PlyCount "94"]
[EventDate "1993.09.07"]

1. Nf3 Nf6 2. d4 g6 3. c4 Bg7 4. Nc3 O-O 5. e4 d6 6. Be2 e5 7. d5 c5 8. dxc6
bxc6 9. O-O Na6 10. Be3 Qc7 11. Qc2 Ng4 12. Bg5 Nc5 13. Nd2 Nf6 14. b4 Ne6 15.
Be3 d5 16. cxd5 cxd5 17. exd5 Nxd5 18. Bf3 Nxc3 19. Rac1 Ba6 20. Bxa8 Ne2+ 21.
Kh1 Qxc2 22. Rxc2 Rxa8 23. Rd1 N2d4 24. Rcc1 Be2 25. Re1 Bd3 26. Nc4 Rb8 27.
Nb2 Bf5 28. Rc4 a5 29. a3 axb4 30. axb4 Bf8 31. Bd2 Rb5 32. Bc3 h5 33. f3 Kh7
34. Ra1 Rb7 35. Ra5 Bg7 36. Ra8 Nb5 37. Bd2 Rd7 38. Be3 e4 39. h3 exf3 40. Na4
Rd1+ 41. Kh2 Be5+ 42. g3 f2 43. Bxf2 Rd2 44. Kg1 Rd1+ 45. Kh2 Nd6 46. Rh4 Be4
47. Rxe4 Nxe4 0-1

[Event "I C.to Italiano U21"]
[Site "Rimini ITA"]
[Date "1993.09.??"]
[Round "2"]
[White "Aldrovandi, Antonio"]
[Black "Becca, Filippo"]
[WhiteElo "2040"]
[BlackElo "1768"]
[Result "1-0"]
[PlyCount "88"]
[EventDate "1993.09.07"]

1. e4 c6 2. d4 d5 3. Nc3 dxe4 4. Nxe4 Bf5 5. Ng3 Bg6 6. Nf3 Nd7 7. h4 h6 8. h5
Bh7 9. Bd3 Bxd3 10. Qxd3 Ngf6 11. Bd2 e6 12. O-O-O Qb6 13. c4 Qa6 14. Kb1 Bd6
15. Rc1 O-O-O 16. Qe2 Bc7 17. Ne5 Nxe5 18. dxe5 Nd7 19. f4 Nc5 20. Be3 Bb6 21.
Bxc5 Bxc5 22. Ne4 Be7 23. Rhd1 Rxd1 24. Rxd1 Rd8 25. Rxd8+ Kxd8 26. a3 c5 27.
Nc3 Qc6 28. Qg4 Bf8 29. f5 exf5 30. Qxf5 Qd7 31. Qe4 Kc8 32. Nd5 Qe6 33. Qf4
Be7 34. g4 g5 35. hxg6 Qxg6+ 36. Ka2 Bg5 37. Qf2 b6 38. Qf3 Qe6 39. Qe4 Qg6 40.
Qe2 Qe6 41. Nc3 a6 42. Qe4 Kb8 43. Nd5 b5 44. Ka1 Qc6 1-0

[Event "I C.to Italiano U21"]
[Site "Rimini ITA"]
[Date "1993.09.??"]
[Round "2"]
[White "Avenali, Giuseppe"]
[Black "Bartolini, Tommaso"]
[WhiteElo "1723"]
[BlackElo "2095"]
[Result "0-1"]
[PlyCount "54"]
[EventDate "1993.09.07"]

1. e4 c6 2. Nc3 d5 3. Nf3 Bg4 4. h3 Bh5 5. d3 dxe4 6. Nxe4 Nd7 7. g4 Bg6 8. Bf4
Ngf6 9. Ned2 e6 10. Qe2 Nb6 11. Bg2 Nfd5 12. Bg3 Bd6 13. Ne5 Qc7 14. h4 Nb4 15.
Ndf3 Nd7 16. h5 Nxe5 17. Bxe5 Bxd3 18. cxd3 Bxe5 19. Nxe5 Qxe5 20. Be4 Rd8 21.
O-O Nd5 22. Rfd1 Qg5 23. Qf3 Nf6 24. Bxc6+ bxc6 25. Qxc6+ Nd7 26. f3 O-O 27.
Qc7 Qc5+ 0-1

[Event "I C.to Italiano U21"]
[Site "Rimini ITA"]
[Date "1993.09.??"]
[Round "2"]
[White "Bednarich, Jan"]
[Black "Previati, Marco"]
[WhiteElo "1812"]
[BlackElo "2031"]
[Result "1/2-1/2"]
[PlyCount "51"]
[EventDate "1993.09.07"]

1. d4 f5 2. Bg5 Nf6 3. Bxf6 exf6 4. e3 d5 5. Bd3 g6 6. Qf3 Be6 7. Ne2 c6 8. h4
h5 9. Nbc3 Bd6 10. Nf4 Bf7 11. O-O-O Nd7 12. Kb1 Qa5 13. g3 O-O-O 14. Nce2 Kb8
15. Nc1 Qc7 16. Qe2 b5 17. Nb3 Ka8 18. Qd2 Rb8 19. Be2 Nb6 20. Nd3 Nc4 21. Qc1
a5 22. Nbc5 Ka7 23. b3 Bxc5 24. Nxc5 Nd6 25. Qa3 b4 26. Qc1 1/2-1/2

[Event "I C.to Italiano U21"]
[Site "Rimini ITA"]
[Date "1993.09.??"]
[Round "2"]
[White "De Palma, Fabrizio"]
[Black "Isonzo, David"]
[WhiteElo "1818"]
[BlackElo "1911"]
[Result "0-1"]
[PlyCount "46"]
[EventDate "1993.09.07"]

1. e4 c5 2. Nf3 d6 3. d4 cxd4 4. Nxd4 Nf6 5. Nc3 a6 6. Bg5 e6 7. f4 Be7 8. Qf3
Qc7 9. O-O-O Nbd7 10. Bd3 b5 11. Rhe1 Bb7 12. Nd5 exd5 13. e5 dxe5 14. fxe5
Nxe5 15. Rxe5 Qxe5 16. Bf4 Qh5 17. Qe3 Ne4 18. g4 Qg6 19. Nf5 Bc5 20. Qe2 O-O
21. Be5 Rfe8 22. Bd4 Bxd4 23. Nxd4 Qg5+ 0-1

[Event "I C.to Italiano U21"]
[Site "Rimini ITA"]
[Date "1993.09.??"]
[Round "2"]
[White "Gualtieri, Denis"]
[Black "Farachi, Francesco"]
[WhiteElo "1600"]
[BlackElo "1777"]
[Result "0-1"]
[PlyCount "66"]
[EventDate "1993.09.07"]

1. d4 g6 2. Nf3 Bg7 3. c4 Nf6 4. Nc3 O-O 5. e3 d6 6. Bd3 c5 7. dxc5 dxc5 8. O-O
Nc6 9. Ne4 b6 10. Rb1 Qc7 11. b3 Rd8 12. Qe2 Bb7 13. Bb2 Nb4 14. Nxf6+ exf6 15.
Ne1 Qe7 16. Rd1 Nxa2 17. Nc2 Nb4 18. Nxb4 cxb4 19. Rd2 Rd7 20. Rfd1 Rad8 21.
Bd4 f5 22. Bxg7 Kxg7 23. f3 Re8 24. Re1 Qc5 25. Bb1 Rde7 26. Rd3 f4 27. Qd2
Rxe3 28. Rexe3 fxe3 29. Qe2 Bc6 30. Kf1 b5 31. Qb2+ Kg8 32. Qd4 e2+ 33. Ke1 Qg5
0-1

[Event "I C.to Italiano U21"]
[Site "Rimini ITA"]
[Date "1993.09.??"]
[Round "2"]
[White "Maio, Matteo"]
[Black "Buccoliero, Alessandro"]
[WhiteElo "1600"]
[BlackElo "1600"]
[Result "1-0"]
[PlyCount "109"]
[EventDate "1993.09.07"]

1. g4 d5 2. Bg2 Bxg4 3. c4 c6 4. Qb3 Qc7 5. cxd5 cxd5 6. Nc3 Nc6 7. Nxd5 Qd7 8.
Qa4 Rc8 9. d3 e5 10. Be3 Be6 11. Nc3 Nb4 12. Qxd7+ Kxd7 13. Kd1 b6 14. Nf3 Bd6
15. Ng5 Ne7 16. Nxe6 Kxe6 17. Bh3+ f5 18. a3 Nbd5 19. Bd2 g6 20. e3 Nxc3+ 21.
Bxc3 Nd5 22. Kd2 Nxc3 23. bxc3 Rc7 24. Bg2 Rd8 25. h3 e4 26. d4 Rdc8 27. Rhc1
g5 28. f3 Kd5 29. a4 h5 30. Rab1 exf3 31. Bxf3+ Ke6 32. Rb5 g4 33. Bg2 Kf6 34.
Kd3 Kg6 35. e4 f4 36. e5 Be7 37. Be4+ Kh6 38. hxg4 hxg4 39. Bf5 Rg8 40. Rh1+
Kg7 41. Bxg4 Kf8 42. Bf3 Rg3 43. Rf1 Bg5 44. d5 Rh7 45. c4 Rhh3 46. Ke4 Rh2 47.
c5 Rc2 48. c6 Rc4+ 49. Kd3 Rxa4 50. c7 Ra3+ 51. Kd4 Ra4+ 52. Kc3 Ra2 53. c8=Q+
Kg7 54. Qd7+ Kg6 55. Qe6+ 1-0

[Event "I C.to Italiano U21"]
[Site "Rimini ITA"]
[Date "1993.09.??"]
[Round "2"]
[White "Marmili, Giulio"]
[Black "Tencati, Giuseppe"]
[WhiteElo "1657"]
[BlackElo "1735"]
[Result "1/2-1/2"]
[PlyCount "62"]
[EventDate "1993.09.07"]

1. c4 c6 2. b3 d5 3. d4 Nf6 4. Nf3 Nbd7 5. e3 a6 6. Bd3 b5 7. O-O Qc7 8. Ba3 g6
9. Qc2 Qa5 10. Qc3 Qxc3 11. Nxc3 Bb7 12. Rac1 e6 13. Bxf8 Kxf8 14. cxd5 cxd5
15. Ne2 Ne8 16. Rc2 Ke7 17. Rfc1 f6 18. Ng3 Nd6 19. h4 Rac8 20. Rxc8 Rxc8 21.
Rxc8 Bxc8 22. h5 Kf7 23. hxg6+ hxg6 24. Ne1 a5 25. Nc2 b4 26. Kf1 Bb7 27. Ke1
Bc6 28. Kd2 Bb5 29. a3 Bxd3 30. Kxd3 e5 31. f3 Ke6 1/2-1/2

[Event "I C.to Italiano U21"]
[Site "Rimini ITA"]
[Date "1993.09.??"]
[Round "2"]
[White "Nieus, Thierry"]
[Black "Cartegni, Emanuele"]
[WhiteElo "1905"]
[BlackElo "1543"]
[Result "1/2-1/2"]
[PlyCount "100"]
[EventDate "1993.09.07"]

1. e4 e5 2. Nf3 Nc6 3. Bc4 Bc5 4. c3 Qe7 5. O-O d6 6. d3 Nf6 7. Nbd2 O-O 8. Re1
a6 9. a4 Bg4 10. Nf1 h6 11. h3 Be6 12. Ng3 Qd7 13. Be3 Bxe3 14. Rxe3 Bxc4 15.
dxc4 Qe6 16. Qe2 a5 17. Nh4 Ra6 18. Ngf5 Kh8 19. Rg3 Rg8 20. Qe3 Nh5 21. Rg4
Ne7 22. Nxe7 Qxe7 23. Nf5 Qe6 24. b3 Rb6 25. Rb1 Nf4 26. Qd2 Qf6 27. Rg3 Ne6
28. Ne3 c6 29. Rf3 Qg5 30. Rg3 Qf6 31. Qxd6 Rd8 32. Qa3 Rd2 33. Rf1 Ng5 34. Nf5
Qd8 35. c5 Ra6 36. Nd6 Qe7 37. Qc1 Re2 38. Re3 Rxe3 39. Qxe3 Ra8 40. f4 exf4
41. Qxf4 f6 42. Re1 Nf7 43. Nxf7+ Qxf7 44. e5 Re8 45. e6 Rxe6 46. Rxe6 Qxe6 47.
Qb8+ Kh7 48. Qxb7 Qe1+ 49. Kh2 Qe5+ 50. Kg1 Qe1+ 1/2-1/2

[Event "I C.to Italiano U21"]
[Site "Rimini ITA"]
[Date "1993.09.??"]
[Round "2"]
[White "Pichler, Michael"]
[Black "Giordani, Marco"]
[WhiteElo "1633"]
[BlackElo "1947"]
[Result "1/2-1/2"]
[PlyCount "38"]
[EventDate "1993.09.07"]

1. e4 c5 2. Nf3 d6 3. d4 cxd4 4. Nxd4 Nf6 5. Bd3 e5 6. Nb3 Be7 7. O-O Be6 8.
N1d2 Nc6 9. c3 O-O 10. Qe2 d5 11. exd5 Nxd5 12. Nc4 Qc7 13. Re1 Nf4 14. Bxf4
exf4 15. Ne5 Nxe5 16. Qxe5 Qxe5 17. Rxe5 Bf6 18. Ree1 Rad8 19. Nc5 Bd5 1/2-1/2

[Event "I C.to Italiano U21"]
[Site "Rimini ITA"]
[Date "1993.09.??"]
[Round "2"]
[White "Redo, Nicola"]
[Black "Marcacci, Giorgio"]
[WhiteElo "2210"]
[BlackElo "1900"]
[Result "1-0"]
[PlyCount "93"]
[EventDate "1993.09.07"]

1. Nf3 Nf6 2. g3 g6 3. b3 Bg7 4. Bb2 c5 5. c4 Nc6 6. Bg2 O-O 7. O-O d6 8. d4
Nd7 9. e3 a5 10. Nc3 cxd4 11. Nxd4 Nde5 12. h3 Nxd4 13. exd4 Nc6 14. Na4 h5 15.
h4 Bf5 16. Qd2 Kh7 17. Bc3 Qc7 18. Qb2 Rab8 19. c5 dxc5 20. dxc5 Bxc3 21. Qxc3
Rbd8 22. Rad1 Nb4 23. a3 Nd3 24. Rd2 Ne5 25. Rfd1 Rc8 26. Re1 Ng4 27. Qf3 Rb8
28. Qe2 Be6 29. Qb5 Nf6 30. b4 axb4 31. axb4 Rfe8 32. Nb6 Red8 33. Red1 Rxd2
34. Rxd2 Qe5 35. Qd3 Qe1+ 36. Bf1 Ng4 37. Qe2 Qa1 38. Rd1 Qc3 39. Qd2 Qb3 40.
Re1 Nf6 41. Bg2 Ng4 42. Bf1 Re8 43. Bb5 Rg8 44. Ba4 Qf3 45. Bd1 Qf5 46. Qd4 Nf6
47. Be2 1-0

[Event "I C.to Italiano U21"]
[Site "Rimini ITA"]
[Date "1993.09.??"]
[Round "2"]
[White "Sardo, Andrea"]
[Black "Insabato, Giovanbattista"]
[WhiteElo "1758"]
[BlackElo "1714"]
[Result "1-0"]
[PlyCount "73"]
[EventDate "1993.09.07"]

1. d4 Nf6 2. c4 g6 3. Nc3 Bg7 4. e4 d6 5. h3 O-O 6. Bg5 h6 7. Be3 e5 8. d5 c6
9. Bd3 Na6 10. Qd2 Kh7 11. g4 Qa5 12. g5 hxg5 13. Bxg5 Nh5 14. Be7 Re8 15. Bxd6
Bh6 16. Qd1 cxd5 17. cxd5 Qb6 18. Ba3 Nf4 19. Qf3 Nb4 20. Bxb4 Qxb4 21. Rb1 f5
22. Nge2 Qe7 23. Nxf4 exf4 24. Kf1 fxe4 25. Qxe4 Qf6 26. Qf3 Bf5 27. Bxf5 Qxf5
28. Kg2 Qe5 29. Rbd1 Rad8 30. Rd2 Qg5+ 31. Kh2 Bg7 32. Rg1 Qf5 33. Qg4 Qf7 34.
f3 Bh6 35. Ne4 Re5 36. Qh4 Qg8 37. Nf6+ 1-0

[Event "I C.to Italiano U21"]
[Site "Rimini ITA"]
[Date "1993.09.??"]
[Round "2"]
[White "Schacher, Gerd"]
[Black "Agostani, Andrea"]
[WhiteElo "1959"]
[BlackElo "2053"]
[Result "1-0"]
[PlyCount "87"]
[EventDate "1993.09.07"]

1. c4 Nf6 2. Nc3 g6 3. e4 d6 4. d4 Bg7 5. f3 O-O 6. Be3 e5 7. d5 c6 8. g4 cxd5
9. cxd5 a6 10. Nge2 Nbd7 11. Ng3 b5 12. h4 Nc5 13. Bxc5 dxc5 14. a4 b4 15. Nb1
a5 16. Nd2 Nd7 17. Qc2 Ba6 18. Bxa6 Rxa6 19. O-O-O Qb8 20. b3 Rc8 21. Nc4 Rc7
22. Kb1 Qd8 23. Nf1 Qf6 24. Nfe3 Bf8 25. Qe2 Ra8 26. d6 Rc6 27. Nd5 Qd8 28. Nc7
Rb8 29. Nb5 h6 30. Qd3 Ra6 31. Qd5 Bg7 32. Nc7 Ra7 33. Qc6 Qc8 34. Nd5 Bf8 35.
Qxc8 Rxc8 36. Ndb6 Rd8 37. Nxd7 Raxd7 38. Rd5 f6 39. Rhd1 Kf7 40. Rxc5 Bxd6 41.
Rcd5 Ke6 42. Nxa5 Bc5 43. Nc6 Rxd5 44. Nxd8+ 1-0

[Event "I C.to Italiano U21"]
[Site "Rimini ITA"]
[Date "1993.09.??"]
[Round "2"]
[White "Vincenzi, Marco"]
[Black "Capuano, Eugenio"]
[WhiteElo "1615"]
[BlackElo "1908"]
[Result "1-0"]
[PlyCount "51"]
[EventDate "1993.09.07"]

1. e4 c5 2. Nf3 d6 3. d4 cxd4 4. Nxd4 Nf6 5. Nc3 g6 6. Be3 Bg7 7. f3 O-O 8. Qd2
Nc6 9. Bc4 Bd7 10. O-O-O Rc8 11. Bb3 Ne5 12. Bh6 Bxh6 13. Qxh6 Rxc3 14. bxc3
Qa5 15. h4 Rc8 16. h5 Nc4 17. Bxc4 Rxc4 18. hxg6 fxg6 19. Rd3 Qxa2 20. e5 dxe5
21. Ne6 Qa3+ 22. Kd2 Kf7 23. Ng5+ Ke8 24. Qg7 Kd8 25. Ne6+ Kc8 26. Qf8+ 1-0

[Event "I C.to Italiano U21"]
[Site "Rimini ITA"]
[Date "1993.09.??"]
[Round "3"]
[White "Agostani, Andrea"]
[Black "Nieus, Thierry"]
[WhiteElo "2053"]
[BlackElo "1905"]
[Result "1/2-1/2"]
[PlyCount "33"]
[EventDate "1993.09.07"]

1. d4 d5 2. c4 e6 3. Nc3 c5 4. Nf3 Nc6 5. cxd5 exd5 6. g3 Nf6 7. Bg2 Be7 8. O-O
O-O 9. Bg5 cxd4 10. Nxd4 h6 11. Bf4 Bg4 12. Re1 Re8 13. h3 Be6 14. Ncb5 Nh5 15.
Qd2 Nxf4 16. gxf4 Bb4 17. Nxc6 1/2-1/2

[Event "I C.to Italiano U21"]
[Site "Rimini ITA"]
[Date "1993.09.??"]
[Round "3"]
[White "Aldrovandi, Antonio"]
[Black "Maio, Matteo"]
[WhiteElo "2040"]
[BlackElo "1600"]
[Result "1/2-1/2"]
[PlyCount "78"]
[EventDate "1993.09.07"]

1. e4 g6 2. d4 Bg7 3. Nc3 d6 4. Nf3 Nf6 5. Be2 c5 6. dxc5 Qa5 7. O-O Qxc5 8.
Be3 Qa5 9. Qd2 a6 10. h3 Nbd7 11. a3 O-O 12. Nd4 Qc7 13. Nd5 Nxd5 14. exd5 Nb6
15. c4 e5 16. dxe6 fxe6 17. Rac1 Qe7 18. Nxe6 Nxc4 19. Bxc4 Bxe6 20. Bxe6+ Qxe6
21. Rc7 Rf7 22. Rxf7 Qxf7 23. Qxd6 Bxb2 24. Rb1 Bg7 25. Rc1 Re8 26. Qb6 Qd5 27.
Rb1 Re7 28. Qb4 Rd7 29. Rc1 Be5 30. g3 Kg7 31. Rc8 Qf3 32. Rc1 h5 33. Qb3 Qd5
34. Qa4 Qd3 35. Re1 Bc3 36. Rf1 Bb2 37. Qf4 Bxa3 38. g4 hxg4 39. hxg4 Re7
1/2-1/2

[Event "I C.to Italiano U21"]
[Site "Rimini ITA"]
[Date "1993.09.??"]
[Round "3"]
[White "Avenali, Giuseppe"]
[Black "Marmili, Giulio"]
[WhiteElo "1723"]
[BlackElo "1657"]
[Result "1/2-1/2"]
[PlyCount "74"]
[EventDate "1993.09.07"]

1. e4 c5 2. Nc3 Nc6 3. g3 e6 4. Bg2 Nf6 5. d3 d5 6. Bg5 d4 7. Nce2 Be7 8. Nf3
O-O 9. O-O h6 10. Bd2 Bd6 11. h3 Qc7 12. Nh4 Nd7 13. f4 f5 14. g4 Qd8 15. g5
Be7 16. Ng6 Re8 17. Ng3 Nf8 18. Qh5 Kh7 19. Nh4 Kg8 20. exf5 exf5 21. Ngxf5
Bxf5 22. Nxf5 Qd7 23. Be4 Bd8 24. Rf2 hxg5 25. Rg2 g6 26. Nh6+ Kg7 27. Rxg5
Bxg5 28. Qxg5 Qxh3 29. Nf5+ Kh7 30. Kf2 Rxe4 31. Ng3 Qh2+ 32. Kf3 Qxd2 33. Rh1+
Kg8 34. dxe4 Qe3+ 35. Kg4 Nd8 36. Nf5 Nf7 37. Ne7+ Kg7 1/2-1/2

[Event "I C.to Italiano U21"]
[Site "Rimini ITA"]
[Date "1993.09.??"]
[Round "3"]
[White "Barillaro, Luca"]
[Black "Bednarich, Jan"]
[WhiteElo "2265"]
[BlackElo "1812"]
[Result "0-1"]
[PlyCount "84"]
[EventDate "1993.09.07"]

1. c4 c5 2. Nc3 Nc6 3. g3 g6 4. Bg2 Bg7 5. Nf3 e5 6. d3 d6 7. O-O Nge7 8. a3
O-O 9. Rb1 a5 10. Bg5 f6 11. Bd2 Be6 12. e4 Rb8 13. Qa4 Kh8 14. Nd5 Bd7 15. Qc2
b5 16. cxb5 Rxb5 17. Qc4 Qb8 18. Nxe7 Nxe7 19. b3 Qa8 20. Nh4 Rb7 21. a4 Nc6
22. f4 Nd4 23. f5 Rfb8 24. Be3 Rb4 25. Qf7 Be8 26. Qe7 Qc6 27. Bxd4 R4b7 28.
Qxb7 Rxb7 29. Bc3 Bf7 30. fxg6 hxg6 31. Bxa5 g5 32. Nf5 Bxb3 33. Bd8 Bc2 34.
Rxb7 Qxb7 35. Nxg7 Kxg7 36. Bxf6+ Kg6 37. Rf3 c4 38. Rf5 Bxd3 39. Bd8 Qb1+ 40.
Bf1 c3 41. Bxg5 Bxf1 42. Rxf1 Qb6+ 0-1